[Event "IECC TH-M-2939"]
[Site "IECC email"]
[Date "2012.04.12"]
[Round "?"]
[White "Umanzor, Cristo"]
[Black "Garau, Bernard"]
[Result "0-1"]
[WhiteElo "1157"]
[BlackElo "1183"]
[PlyCount "38"]
[EventDate "2012.??.??"]
[EventType "tourn (corr)"]
[SourceTitle "Corr 2020"]
[Source "ChessBase"]
[SourceDate "2019.09.30"]
[SourceVersion "1"]
[SourceVersionDate "2019.09.30"]
[SourceQuality "1"]
[WhiteTeam "El Salvador"]
[BlackTeam "France"]
[WhiteTeamCountry "ESA"]
[BlackTeamCountry "FRA"]

1. e4 d6 2. d4 Nf6 3. Nc3 g6 4. Bc4 Bg7 5. Nf3 Nc6 6. 0-0 Bg4 7. Be3 0-0 8. Be2 d5 9. e5 Ne4 10. Ng5 Bxe2 11. Qxe2 Nxg5 12. Bxg5 Nxd4 13. Qd3 Ne6 14. Be3 d4 15. Bxd4 Qxd4 16. Qxd4 Nxd4 17. f4 Nxc2 18. Rac1 Nd4 19. Nd5 Ne2+ 0-1

[Event "IECC TH-M-2936"]
[Site "IECC email"]
[Date "2012.02.01"]
[Round "?"]
[White "Wincinson, Ginger Alice"]
[Black "Umanzor, Cristo"]
[Result "1-0"]
[WhiteElo "1330"]
[BlackElo "1161"]
[PlyCount "35"]
[EventDate "2012.??.??"]
[EventType "tourn (corr)"]
[SourceTitle "Corr 2020"]
[Source "ChessBase"]
[SourceDate "2019.09.30"]
[SourceVersion "1"]
[SourceVersionDate "2019.09.30"]
[SourceQuality "1"]
[WhiteTeam "England"]
[BlackTeam "El Salvador"]
[WhiteTeamCountry "ENG"]
[BlackTeamCountry "ESA"]

1. e4 e6 2. d4 d5 3. Nc3 Nf6 4. Bg5 Be7 5. e5 Ne4 6. Nxe4 Bxg5 7. Nxg5 Qxg5 8. Nf3 Qf4 9. c3 Nd7 10. g3 Qh6 11. h4 a6 12. Bd3 0-0 13. Ng5 c5 14. Bxh7+ Kh8 15. Bc2 b5 16. g4 Bb7 17. Nxf7+ Rxf7 18. g5 1-0

[Event "IECC TH-M email"]
[Site "IECC email"]
[Date "2002.06.27"]
[Round "?"]
[White "Ondo, Bob"]
[Black "Umanzor, Cristo"]
[Result "1-0"]
[WhiteElo "1709"]
[BlackElo "1209"]
[PlyCount "61"]
[EventDate "2002.??.??"]
[EventType "match (corr)"]
[EventRounds "2"]
[SourceTitle "Corr 2008"]
[Source "ChessBase"]
[SourceDate "2008.06.24"]
[SourceVersion "1"]
[SourceVersionDate "2008.06.24"]
[SourceQuality "1"]

1. e4 e6 2. d4 d5 3. exd5 exd5 4. Nf3 Nf6 5. Bd3 Nc6 6. 0-0 Bd6 7. Re1+ Be6 8. Nc3 0-0 9. Nb5 Re8 10. Nxd6 Qxd6 11. c3 Bg4 12. Rxe8+ Rxe8 13. Be3 a6 14. a4 Ne7 15. h3 Bh5 16. b3 c6 17. Rc1 Ng6 18. Be2 Nf4 19. Bf1 Ng6 20. Bd2 Ne4 21. g4 Nf4 22. gxh5 Nxd2 23. Qxd2 g6 24. hxg6 Nxg6 25. Re1 Rf8 26. Qg5 Kh8 27. Ne5 Kg7 28. Nxg6 hxg6 29. Qe5+ Qxe5 30. Rxe5 b5 31. Re7 1-0

[Event "IECC TH-M email"]
[Site "IECC email"]
[Date "2002.06.27"]
[Round "?"]
[White "Umanzor, Cristo"]
[Black "Ondo, Bob"]
[Result "0-1"]
[WhiteElo "1208"]
[BlackElo "1710"]
[PlyCount "60"]
[EventDate "2002.??.??"]
[EventType "match (corr)"]
[EventRounds "2"]
[SourceTitle "Corr 2008"]
[Source "ChessBase"]
[SourceDate "2008.06.24"]
[SourceVersion "1"]
[SourceVersionDate "2008.06.24"]
[SourceQuality "1"]

1. e4 e6 2. d4 d5 3. exd5 exd5 4. Nf3 Nf6 5. Bd3 Bd6 6. Nc3 0-0 7. 0-0 Re8 8. Bg5 c6 9. Qd2 h6 10. Bh4 Bg4 11. Rae1 Rxe1 12. Rxe1 Bxf3 13. gxf3 Nbd7 14. Ne2 Qc7 15. Bg3 Re8 16. c3 Nh5 17. Kh1 Kf8 18. Bxd6+ Qxd6 19. Ng3 Rxe1+ 20. Qxe1 Nf4 21. Bc2 a5 22. a3 b5 23. b4 axb4 24. axb4 g6 25. Qd2 Nf6 26. Ne2 Nxe2 27. Qxe2 Qf4 28. Kg2 Qg5+ 29. Kh1 Nh5 30. Qf1 Qd2 0-1

[Event "IECC KO email"]
[Site "IECC email"]
[Date "2002.04.11"]
[Round "?"]
[White "Allen, Ralph C"]
[Black "Umanzor, Cristo"]
[Result "1-0"]
[WhiteElo "1572"]
[BlackElo "1279"]
[PlyCount "43"]
[EventDate "2002.??.??"]
[EventType "tourn (corr)"]
[EventRounds "6"]
[SourceTitle "Corr 2008"]
[Source "ChessBase"]
[SourceDate "2008.06.24"]
[SourceVersion "1"]
[SourceVersionDate "2008.06.24"]
[SourceQuality "1"]

1. d4 d5 2. e4 c6 3. Nc3 g6 4. f3 Bg7 5. Be3 e6 6. e5 Ne7 7. Qd2 Nd7 8. 0-0-0 b6 9. g4 0-0 10. h4 c5 11. Bh6 cxd4 12. Nb5 Nxe5 13. Bxg7 Kxg7 14. Nxd4 Bd7 15. h5 Ng8 16. hxg6 fxg6 17. Qh2 Qg5+ 18. Kb1 h6 19. Bb5 Rf6 20. Nh3 Qh4 21. Qxe5 Bxb5 22. Nf4 1-0

[Event "IECC KO email"]
[Site "IECC email"]
[Date "2002.04.11"]
[Round "?"]
[White "Umanzor, Cristo"]
[Black "Allen, Ralph C"]
[Result "0-1"]
[WhiteElo "1221"]
[BlackElo "1544"]
[PlyCount "62"]
[EventDate "2002.??.??"]
[EventType "tourn (corr)"]
[EventRounds "6"]
[SourceTitle "Corr 2008"]
[Source "ChessBase"]
[SourceDate "2008.06.24"]
[SourceVersion "1"]
[SourceVersionDate "2008.06.24"]
[SourceQuality "1"]

1. e4 c5 2. d4 cxd4 3. c3 dxc3 4. Nxc3 Nc6 5. Bc4 e6 6. Nf3 d6 7. 0-0 Be7 8. a3 a6 9. b4 b5 10. Ba2 Qc7 11. Bb2 Nf6 12. Rc1 0-0 13. Re1 Rd8 14. Qc2 Qb8 15. Ne2 Bb7 16. Ng3 Ng4 17. Bb1 Bf6 18. Bxf6 Nxf6 19. Ng5 h6 20. Nf3 Qa7 21. e5 Nxe5 22. Nxe5 dxe5 23. Rxe5 Rac8 24. Rc5 Rxc5 25. bxc5 Rc8 26. Qd3 Bc6 27. Ne2 Qd7 28. Nd4 Qd5 29. Nxc6 Qxd3 30. Bxd3 Rxc6 31. h4 Nd7 0-1